MARC

LEADER 00000nam0a2200000 4500
001 328964
005 20231102004120.0
035 |a (RuTPU)RU\TPU\book\354704 
090 |a 328964 
100 |a 20170301d1976 km y0rusy50 ca 
101 0 |a rus 
102 |a RU 
105 |a a z 001zy 
200 1 |a Закачка сточных вод нефтяных месторождений в продуктивные и поглощающие горизонты  |f Е. А. Миронов 
210 |a Москва  |c Недра  |d 1976 
215 |a 169 с.  |c ил. 
320 |a Библиогр.: с. 167-169 
606 1 |a Нефтяные скважины  |x Заводнение  |2 stltpush  |3 (RuTPU)RU\TPU\subj\46091  |9 65276 
606 1 |a Нефтяные месторождения  |x Геология  |2 stltpush  |3 (RuTPU)RU\TPU\subj\45952  |9 65141 
610 1 |a продуктивные горизонты 
610 1 |a поглощающие горизонты 
610 1 |a сточные воды 
610 1 |a закачка 
610 1 |a очистка 
610 1 |a подготовка 
610 1 |a сооружения 
610 1 |a оборудование 
610 1 |a нагнетательные скважины 
610 1 |a поглощающие скважины 
675 |a 622.276.43  |v 4 
675 |a 553.982  |v 4 
700 1 |a Миронов  |b Е. А.  |g Евгений Александрович 
801 1 |a RU  |b 63413507  |c 20170301 
801 2 |a RU  |b 63413507  |c 20170306  |g RCR 
942 |c BK